Tuyển tập nghiên cứu biển = Collection of marine research works
में बचाया:
| स्वरूप: | पुस्तक |
|---|---|
| भाषा: | Undetermined |
| प्रकाशित: |
Hà Nội
Khoa học và Kỹ thuật
1994
|
| विषय: | |
| टैग : |
टैग जोड़ें
कोई टैग नहीं, इस रिकॉर्ड को टैग करने वाले पहले व्यक्ति बनें!
|
| Thư viện lưu trữ: | Trung tâm Học liệu Trường Đại học Cần Thơ |
|---|
| LEADER | 00502nam a2200169Ia 4500 | ||
|---|---|---|---|
| 001 | CTU_161179 | ||
| 008 | 210402s9999 xx 000 0 und d | ||
| 082 | |a 574.92072 | ||
| 082 | |b T527/T.5 | ||
| 245 | 0 | |a Tuyển tập nghiên cứu biển = | |
| 245 | 0 | |b Collection of marine research works | |
| 260 | |a Hà Nội | ||
| 260 | |b Khoa học và Kỹ thuật | ||
| 260 | |c 1994 | ||
| 650 | |a Marine resources | ||
| 904 | |i Giang | ||
| 980 | |a Trung tâm Học liệu Trường Đại học Cần Thơ | ||